| 000 | 00977nam a2200241Ia 4500 | ||
|---|---|---|---|
| 003 | Ost | ||
| 005 | 20260507074927.0 | ||
| 008 | 260507s9999||||xx |||||||||||||| ||und|| | ||
| 040 | _cfsecg | ||
| 041 | _aara | ||
| 082 | _a658.5 | ||
| 100 |
_aاليساري، أحمد _eمؤلف |
||
| 245 | 0 |
_aإدراة الإنتاج والعمليات / _c أحمد اليساري |
|
| 260 |
_aعمان: _bدار البداية, _c2006 |
||
| 300 |
_a210 صفحة؛ _bإيضاحات ؛ _c24 سم |
||
| 504 | _aببليوغرافيا: ص.210 | ||
| 520 | _aالنظام المغلق، انتاج السلع وتقديم الخدمات، المنتج، الرقابة على الجودة، أساسيات الرقابة على الجودة، اختيار الموقع والتصميم الداخلي للمصنع، تخطيط الانتاج | ||
| 653 | _aالادارة | ||
| 653 | _aالانتاج | ||
| 653 | _aالرقابة | ||
| 653 | _aضبط الجودة | ||
| 942 | _cكتاب | ||
| 999 |
_c41832 _d41832 |
||